MARC

LEADER 00000nam0a2200000 4500
001 291974
005 20231102000439.0
020 |a RU  |b 84-9840 
035 |a (RuTPU)RU\TPU\book\316585 
090 |a 291974 
100 |a 20150418d1984 km y0rusy5003 ca 
101 0 |a rus 
102 |a RU 
105 |a a g 001zy 
200 1 |a Справочное пособие по экономике и управлению для работников угольной промышленности  |f Е. И. Воронович [и др.]  |g под ред. Г. И. Нуждихина 
210 |a Москва  |c Недра  |d 1984 
215 |a 244 с.  |c ил. 
300 |a Авт. указаны на обороте тит. л. 
320 |a Библиогр.: с. 236-237 
320 |a Алфавитно-предметный указатель: с. 238-241 
606 1 |a Угольная промышленность, предприятия  |x Экономика  |x Статистические методы  |2 stltpush  |3 (RuTPU)RU\TPU\subj\62573  |9 79643 
610 1 |a справочники 
610 1 |a управление 
610 1 |a методы 
610 1 |a организация 
610 1 |a планирование 
610 1 |a основное производство 
610 1 |a вспомогательное производство 
610 1 |a материально-техническое снабжение 
610 1 |a научно-технический прогресс 
610 1 |a качество 
610 1 |a основные фонды 
610 1 |a материальное стимулирование 
610 1 |a себестоимость 
610 1 |a хозяйственный расчет 
610 1 |a финансирование 
610 1 |a кредитование 
610 1 |a контроль 
610 1 |a отчетность 
610 1 |a экономический анализ 
610 1 |a трудовые коллективы 
675 |a 622.333.012:658(035)  |z rus  |v 3 
701 1 |a Воронович  |b Е. И.  |g Евгений Иосифович 
701 1 |a Зорин  |b Н. П.  |g Николай Павлович 
701 1 |a Богопольский  |b И. Е.  |g Исаак Ефимович 
701 1 |a Клеткин  |b А. Г. 
702 1 |a Нуждихин  |b Г. И.  |g Григорий Иванович  |4 340 
801 0 |a RU  |b RuMRKP  |c 19950704  |g psbo 
801 1 |a RU  |b 63413507  |c 20150418 
801 2 |a RU  |b 63413507  |c 20180410  |g RCR 
942 |c BK